000 00450nam a2200181Ia 4500
001 2684
005 20260306144825.0
008 260306t1999||||xx |||||||||||||| ||spa||
041 _aESP
082 _a210.1
_bM26 V. 2
100 _aMarini, Pablo Augusto
_eAUT
245 0 _aApuntes de teología:
_bencarnación, redención, gracia
260 _c1999
300 _apágs. :
_c20 cm.
650 _aGEN
654 _aCHU
942 _cLIB
_dJUS
_fJUS
_2ddc
_n
999 _c2684
_d2684